000 00416 a2200145 4500
003 NUST
005 20230228143438.0
040 _cNust
082 _a378.4,SIR
100 _aPrincipal Prof.Ghulam Sarwar
_9109646
245 _aSir Syedian / سر سیدین (English & Urdu) /
_cPrincipal Prof.Ghulam Sarwar
260 _aPawalpindi
_bSir Syed College
_c2003
300 _a160 and 120 p.;
942 _2ddc
_cBK
_k378.4,SIR
999 _c196506
_d196506